| 000 | 00550nam a22001817a 4500 | ||
|---|---|---|---|
| 005 | 20251006104931.0 | ||
| 008 | 251006b |||||||| |||| 00| 0 eng d | ||
| 020 | _a1842141333 | ||
| 040 | _cPK-LaUMT | ||
| 082 |
_a612.64 _bJIR-A |
||
| 100 |
_aJirasek, Jan E. _97473 |
||
| 245 |
_aAn atlas of human prenatal developmental mechanics anatomy and staging / _cby Jan E. Jirasek |
||
| 260 |
_aLondon : _bTaylor & Francis, _c2004 |
||
| 300 | _a298 p. | ||
| 650 |
_aHuman embryology-Atlases _97474 |
||
| 650 |
_aHuman anatomy-Atlases _9329 |
||
| 942 | _cBK | ||
| 999 |
_c138784 _d138784 |
||